Quizzes
Events
Quiz Creation
Community
Videos
Private Events
Remove Ads
Sign In
Join for FREE
Feedback
Dark Mode
Quiz Categories
Sports
Geography
Music
Movies
Television
Just For Fun
Miscellaneous
History
Literature
Language
Science
Gaming
Entertainment
Religion
Holiday
For Kids
Quiz Lab
Recent
Popular Today
Quiz Kudos Today
Editor Picks
Curator Picks
Quizzes by...
Day
Popularity
Type
Ratings
Length
Year
Community
Subscriptions
Recent Discussions
Orange Saloon
Badges
Playlists
Quests
Create
Leaderboards
Showdown
Live 5
Trivia Bingo
Activity
Puzzle Library
Sporcle Events
Private Events
Virtual Trivia
Globe League
Become a Host
Pub Owners
SporcleCon
Opinionation
Our Games
Videos
Blog
Mobile Apps
Partnerships
Remove Ads and Go Orange
Feedback
Geography
Country
Landmarks
City
State
Population
World
Capital
Continent
Flags
Europe
Africa
Asia
South America
North America
Oceania
Border
Canada
United Kingdom
Topography
United States
Geography
Country
Landmarks
City
State
Population
World
Capital
Continent
Flags
Europe
Africa
Asia
South America
North America
Oceania
Border
Canada
United Kingdom
Topography
United States
Random Quiz
Search Sporcle
×
Quiz Lab
Quiz Lab
Geography
Japanese
Type in answers that appear in a list
Type in answers that appear in a list
Classic
Best Score? Go Orange.
Japanese Expressways Stats
Can you name the Japanese Expressways
By
yellowknife
10m
66 Questions
7 Plays
7 Plays
7 Plays
Comments
Comments
Give Quiz Kudos
Give Quiz Kudos
-
- Ratings
hide this ad
Replay
Link that replays current quiz
Next Quiz
Link to next quiz in quiz playlist
You Got
0%
They Got
Avg Score
34%
Avg Friend Score
Upgrade to see
Score Distribution
Jump to the score distribution portion of the page
Score
0/66
Timer
10:00
0
Plays Today
Company
Expressway
% Correct
Central Nippon Expressway Company
Chuo
71.4%
West Nippon Expressway Company
Hiroshima
71.4%
West Nippon Expressway Company
Kyushu
71.4%
West Nippon Expressway Company
Sanyo
71.4%
Urban Expressways
Hiroshima
71.4%
East Nippon Expressway Company/
Central Nippon Expressway Company
Hokuriku
57.1%
East Nippon Expressway Company
Joban
57.1%
East Nippon Expressway Company
Kan etsu
57.1%
Central Nippon Expressway Company
Shin Tomei
57.1%
Central Nippon Expressway Company
Tomei
57.1%
West Nippon Expressway Company
Chugoku
57.1%
West Nippon Expressway Company
Nagasaki
57.1%
West Nippon Expressway Company
Okinawa
57.1%
Urban Expressways
Hanshin
57.1%
Urban Expressways
Kitakyushu
57.1%
Urban Expressways
Nagoya
57.1%
Urban Expressways
Shuto
57.1%
Urban Expressways
Tokyo
57.1%
East Nippon Expressway Company
Akita
42.9%
East Nippon Expressway Company
Aomori
42.9%
East Nippon Expressway Company
Doto
42.9%
East Nippon Expressway Company
Hokkaido
42.9%
East Nippon Expressway Company
Joshin etsu
42.9%
East Nippon Expressway Company/
Central Nippon Expressway Company
Ken o
42.9%
East Nippon Expressway Company
Tokyo Gaikan
42.9%
Central Nippon Expressway Company
Ise
42.9%
Central Nippon Expressway Company.West Nippon Expressway Company
Meishin
42.9%
Central Nippon Expressway Company
Tokai Hokuriku
42.9%
West Nippon Expressway Company
Hanwa
42.9%
West Nippon Expressway Company
Higashikyushu
42.9%
West Nippon Expressway Company
Kochi
42.9%
West Nippon Expressway Company
Oita
42.9%
East Nippon Expressway Company
Higashi Kanto
28.6%
Company
Expressway
% Correct
East Nippon Expressway Company
Nagano
28.6%
East Nippon Expressway Company
Tateyama
28.6%
Central Nippon Expressway Company/
West Nippon Expressway Company
Shin Meishin
28.6%
West Nippon Expressway Company
Miyazaki
28.6%
West Nippon Expressway Company
Matsuyana
28.6%
West Nippon Expressway Company
Takamatsu
28.6%
West Nippon Expressway Company
Tokushima
28.6%
East Nippon Expressway Company
Ban etu
14.3%
East Nippon Expressway Company
Hacimohe
14.3%
East Nippon Expressway Company
Kamieshi
14.3%
East Nippon Expressway Company
Kita Kanto
14.3%
East Nippon Expressway Company
Nihonku Tohaku
14.3%
East Nippon Expressway Company
Shin Koku
14.3%
East Nippon Expressway Company
Sasson
14.3%
East Nippon Expressway Company
Tohuku
14.3%
East Nippon Expressway Company
Tohuku Chuo
14.3%
East Nippon Expressway Company
Yamadata
14.3%
Central Nippon Expressway Company
Chubu Odan
14.3%
Central Nippon Expressway Company
Higashi Meihan
14.3%
Central Nippon Expressway Company
Kisei
14.3%
West Nippon Expressway Company
Hamada
14.3%
West Nippon Expressway Company
Harima
14.3%
West Nippon Expressway Company
Kansai Koku
14.3%
West Nippon Expressway Company
Maizuna Wakasa
14.3%
West Nippon Expressway Company
Matsue
14.3%
West Nippon Expressway Company
Nishi Meihan
14.3%
West Nippon Expressway Company
Okayama
14.3%
West Nippon Expressway Company
Onamichi
14.3%
West Nippon Expressway Company
Yonango
14.3%
Honshu Shikoku Bridge Expressway Company
Kobe Awaji Naruto
14.3%
Honshu Shikoku Bridge Expressway Company
Nishiseto
14.3%
Honshu Shikoku Bridge Expressway Company
Seteo Chuo
14.3%
Urban Expressways
Fukoka
14.3%
Quiz Playlist
Details
Report
Send in Message
Add To Playlist
Classic:
Type in answers that appear in a list
Last Updated: Feb 16, 2017
Quiz Scoreboard
CHALLENGE
Sign Up to Join the Scoreboard
Show All
Scores
Hide
Comments
May contain spoilers
Recently Published
Movies - When Are They Set?
by FPL_Elf
Movies
5m
Popular People in 1961
by mucciniale
History
6m
1-10 Letter E Words III
by El_Dandy
Language
2m
More to Explore
Quiz From the Vault
Featured Blog Post
Where Did the Easter Bunny Come From?
hide this ad
You Might Also Like...
Tags
Company Quiz
Japanese Quiz
Expressway
length
Today's Top Quizzes in Geography
Browse Geography
hide this ad
Today's Top Quizzes in Japanese
Browse Japanese
Top Contributed Quizzes in Geography
1
Countries of the World - No Outlines Minefield
2
Top 25 Cities of France on a map
3
Closest Countries to UK A-Z
4
One Thing in Common: United Kingdom
5
Any capital of a 'B' country per Continent
6
Blind Secret Country CLXXXVIII
7
African Flag Reveal XLV
8
Blind Ultimate Minefield: USA
9
Find the US States - No Outlines
10
One Thing in Common: Asia
Explore More
Trending Topics
Kpop
Anime
Marvel
Crossword
Harry Potter
Disney
NBA
Puzzle
Soccer
Country
Pokémon
WWE
Song
NFL
The Office
hide this ad
More By:
yellowknife
Quiz
Plays
Rating
Category
Featured
Created
Developed Countries
303
4.50
Geography
Mar 15, 2013
south america in russian
73
4.00
Geography
Jul 17, 2014
Great Circles of the Earth
64
3.00
Geography
Jul 28, 2014
DSM IV disorders
55
1.00
Miscellaneous
Jul 13, 2014
Emirates of the United Arab Emirates in Arabic
52
4.00
Geography
Apr 8, 2014
Go to Creator's Profile
Score Distribution
Quiz Creator Spotlight
yellowknife
Follow
Send a Message
Quizzes Created
-
Created Quiz Play Count
-
More By This Creator
Popular Quizzes Today
1
Find the Countries of Europe - No Outlines Minefield
2
Find the US States - No Outlines Minefield
3
The Countries of the World
4
Popular People in 1961
5
US States
6
1-10 Letter E Words III
7
Find the US States
8
One Thing in Common: World Cities II
More Geography Quizzes
Nigerian Borders Minefield
Published
Trending Quizzes
Risky Map Clicking: Least Populous States A-Z
1-10 Letter F Words
1-10 Letter G Words
One Thing in Common: United Kingdom
Risky Map Clicking: Next State Alphabetically
Recently Updated
Leaping Animals
pecheneg
Reality TV Shows (A-Z)
bhenderson79
Rickey Henderson's Hall of Fame Teammates
pecheneg
Champions League XIs: Arsenal
pecheneg
Quick Pick: Celebrities in WWE's Hall of Fame
aduchscher
A-Z Keypad Blitz II
pecheneg
Multiple Oscar Actors
pecheneg
Mystery Phrase Blitz: Oscar 'Best Actors'
pecheneg
F. Scott Fitzgerald Novels
LTH
Pick 3 Villains
ddd62291
Trending Topics
Marvel
Harry Potter
Crossword
Kpop
Disney
Anime
NBA
The Office
Pokémon
WWE
Soccer
NFL
Puzzle
Country
Song
Your Account Isn't Verified!
In order to create a playlist on Sporcle, you need to verify the email address you used during registration. Go to your
Sporcle Settings
to finish the process.
Report this User
Report this user for behavior that violates our
Community Guidelines
.
Details:
Send Report
Go to the Sporcle.com Mobile Site →
Comments